000 00339nam a22001457a 4500
020 _a81-309-0041-6
041 _aENG
100 _aChakraborty.D
245 _aFundamentals of Geographic Information System
260 _aNew delhi
_bViva Books
_c2007
300 _a258
650 _aSWCE
700 _aSahoo.R.N
856 _uSWCE ( 06 )
999 _c1896
_d1896